المكتبات ومراكز المعلومات القانونية : (رقم التسجيلة. 91780)

تفاصيل مارك
000 -الفاتح
عناصر البيانات ثابتة الطول 00788cam a2200193 i 4500
005 - تاريخ ووقت آخر معاملة
حقل ضبط 20251108172922.0
008 - عناصر البيانات ثابتة الطول
عناصر البيانات ثابتة الطول 250721s2001 xx gr 000 0 ara d
082 14 - رقم تصنيف ديوي العشري
رقم التصنيف 026.34
رقم المادة ه ل ا
100 1# - مدخل رئيسي – اسم شخصي
الاسم الشخصي هلال، رؤوف عبد الحفيظ
علاقة الشخص بالعمل/ دوره مؤلف.
245 12 - بيان العنوان
العنوان المكتبات ومراكز المعلومات القانونية :
بقية العنوان تنظيمها و إدارتها /
بيان المسؤولية تأليف رؤوف عبد الحفيظ هلال.
264 1# - بيانات النشر، التوزيع…إلخ
مكان النشر، التوزيع...إلخ الجيزة :
اسم الناشر، الموزع...إلخ إيبيس . كوم للنشر و التوزيع،
تاريخ النشر، التوزيع...إلخ 2001.
300 ## - الوصف المادي
عدد الوحدات المكونة للوعاء 214 صفحة.
490 0# - بيان السلسلة
عنوان السلسلة سلسلة المكتبات النوعية ؛
رقم الوعاء في السلسلة رقم 1.
650 17 - مدخل إضافي بالموضوع - مصطلح موضوعي
مصطلح موضوعي أو اسم جغرافي كعنصر مدخل المكتبات.
650 17 - مدخل إضافي بالموضوع - مصطلح موضوعي
مصطلح موضوعي أو اسم جغرافي كعنصر مدخل القانون.
830 #0 - مدخل إضافي بالسلسلة-عنوان مقنن
عنوان السلسسلة سلسلة المكتبات النوعية
942 ## - بيانات إضافية (كوها)
نوع التنصيف Dewey Decimal Classification
نوع المادة (كوها) كتب
المقتنيات
حالة السحب حالة الفقدان مصدر التصنيف حالة التلف غير قابل للإعارة المكتبة الرئيسية المكتبة الحالية موقع الرف تاريخ التزويد الرقم المتسلسل Total Checkouts رقم الإستدعاء الباركود تاريخ آخر ظهور تاريخ الفاتورة نوع المادة (كوها)
    Dewey Decimal Classification     المكتبة المركزية المكتبة المركزية الإعارة 28/07/2025 812207   026.34 / هلا 812207 28/07/2025 28/07/2025 كتب
Implemented & Customized by: BBB with SCIT (Smart Chains for Information Technology)

Powered by Koha